<?xml version="1.0" encoding="UTF-8"?>
<record
    xmlns:xsi="http://www.w3.org/2001/XMLSchema-instance"
    xsi:schemaLocation="http://www.loc.gov/MARC21/slim http://www.loc.gov/standards/marcxml/schema/MARC21slim.xsd"
    xmlns="http://www.loc.gov/MARC21/slim">

  <leader>00884nam a2200241Ia 4500</leader>
  <datafield tag="999" ind1=" " ind2=" ">
    <subfield code="c">36058</subfield>
    <subfield code="d">36058</subfield>
  </datafield>
  <controlfield tag="001">1958</controlfield>
  <controlfield tag="003">GE_BSU</controlfield>
  <controlfield tag="005">20221010120046.0</controlfield>
  <controlfield tag="008">181216s2005ru  xx |||||||||||||| ||rus||</controlfield>
  <datafield tag="040" ind1=" " ind2=" ">
    <subfield code="c">GE_BSU</subfield>
  </datafield>
  <datafield tag="041" ind1=" " ind2=" ">
    <subfield code="a">rus</subfield>
  </datafield>
  <datafield tag="080" ind1=" " ind2=" ">
    <subfield code="a">351.354(075.8) &#x418;-26</subfield>
  </datafield>
  <datafield tag="100" ind1=" " ind2=" ">
    <subfield code="a">&#x418;&#x433;&#x43D;&#x430;&#x442;&#x43E;&#x432;, &#x412;.&#x412;.</subfield>
    <subfield code="9">15178</subfield>
  </datafield>
  <datafield tag="245" ind1=" " ind2=" ">
    <subfield code="a">&#x41C;&#x435;&#x441;&#x442;&#x43D;&#x43E;&#x435; &#x441;&#x430;&#x43C;&#x43E;&#x443;&#x43F;&#x440;&#x430;&#x432;&#x43B;&#x435;&#x43D;&#x438;&#x435; :</subfield>
    <subfield code="b">&#x423;&#x447;&#x435;&#x431;&#x43D;&#x43E;&#x435;  &#x43F;&#x43E;&#x441;&#x43E;&#x431;&#x438;&#x435;  &#x434;&#x43B;&#x44F; &#x441;&#x442;&#x443;&#x434;. &#x432;&#x443;&#x437;&#x43E;&#x432;. /</subfield>
    <subfield code="c"> &#x412;.&#x412;. &#x418;&#x433;&#x43D;&#x430;&#x442;&#x43E;&#x432;, &#x412;.&#x412;. &#x420;&#x443;&#x434;&#x43E;&#x439;.</subfield>
  </datafield>
  <datafield tag="250" ind1=" " ind2=" ">
    <subfield code="a">&#x418;&#x437;&#x434;. 3-&#x44C;&#x435;,  &#x43F;&#x435;&#x440;&#x435;&#x440;&#x430;&#x431;. &#x438; &#x434;&#x43E;&#x43F;.</subfield>
  </datafield>
  <datafield tag="264" ind1=" " ind2=" ">
    <subfield code="a">&#x420;&#x43E;&#x441;&#x442;&#x43E;&#x432; :</subfield>
    <subfield code="b">&#x420;&#x43E;&#x441;&#x442;&#x43E;&#x432;-&#x43D;&#x430; &#x414;&#x43E;&#x43D;&#x443;,</subfield>
    <subfield code="c">2005.</subfield>
  </datafield>
  <datafield tag="300" ind1=" " ind2=" ">
    <subfield code="a">480 &#x441;. </subfield>
    <subfield code="b">19 &#x441;&#x43C;.</subfield>
  </datafield>
  <datafield tag="653" ind1=" " ind2=" ">
    <subfield code="a">&#x41C;&#x435;&#x441;&#x442;&#x43D;&#x43E;&#x435; &#x441;&#x430;&#x43C;&#x43E;&#x443;&#x43F;&#x440;&#x430;&#x432;&#x43B;&#x435;&#x43D;&#x438;&#x435;</subfield>
  </datafield>
  <datafield tag="653" ind1=" " ind2=" ">
    <subfield code="a">&#x1C90;&#x10D3;&#x10D2;&#x10D8;&#x10DA;&#x10DD;&#x10D1;&#x10E0;&#x10D8;&#x10D5;&#x10D8; &#x10DB;&#x10DB;&#x10D0;&#x10E0;&#x10D7;&#x10D5;&#x10D4;&#x10DA;&#x10DD;&#x10D1;&#x10D0;</subfield>
  </datafield>
  <datafield tag="653" ind1=" " ind2=" ">
    <subfield code="a">&#x10E1;&#x10D0;&#x10DB;&#x10D0;&#x10E0;&#x10D7;&#x10D0;&#x10DA;&#x10D8;</subfield>
  </datafield>
  <datafield tag="700" ind1=" " ind2=" ">
    <subfield code="a">&#x420;&#x443;&#x434;&#x43E;&#x439;,&#x412;.&#x412;.</subfield>
    <subfield code="9">15179</subfield>
  </datafield>
  <datafield tag="942" ind1=" " ind2=" ">
    <subfield code="c">BK</subfield>
    <subfield code="2">udc</subfield>
  </datafield>
  <datafield tag="952" ind1=" " ind2=" ">
    <subfield code="0">0</subfield>
    <subfield code="1">0</subfield>
    <subfield code="2">udc</subfield>
    <subfield code="4">0</subfield>
    <subfield code="6">3513540758_&#x418;26</subfield>
    <subfield code="7">0</subfield>
    <subfield code="9">34784</subfield>
    <subfield code="a">CPL</subfield>
    <subfield code="b">CPL</subfield>
    <subfield code="c">GEN</subfield>
    <subfield code="d">2018-12-17</subfield>
    <subfield code="g">18.00</subfield>
    <subfield code="o">351.354(075.8) &#x418;-26</subfield>
    <subfield code="p">3909</subfield>
    <subfield code="r">2018-12-17</subfield>
    <subfield code="t">3909</subfield>
    <subfield code="w">2018-12-17</subfield>
    <subfield code="y">BK</subfield>
    <subfield code="z">18.00</subfield>
  </datafield>
</record>
